Trade flows between Czech Republic and East Asia

Obchodné toky medzi Českou republikou a krajinami východnej Ázie. Geografická koncentrácia obchodu.

Guardado en:
Detalles Bibliográficos
Autor principal: Tseng, Shoiw-Mei
Formato: Capítulo de libro
Lenguaje:inglés
Materias:
Etiquetas: Agregar Etiqueta
Sin Etiquetas, Sea el primero en etiquetar este registro!

MARC

LEADER 00000naa a2200000 4500
001 0181920
005 20231129091904.4
041 0 |a eng 
044 |a CZ 
245 1 0 |a Trade flows between Czech Republic and East Asia  |c Shoiw-Mei Tseng 
520 |a Obchodné toky medzi Českou republikou a krajinami východnej Ázie. Geografická koncentrácia obchodu. 
610 2 0 |a obchod medzinárodný 
610 2 0 |a dovoz 
610 2 0 |a vývoz 
610 2 0 |a bilancia obchodná 
610 2 0 |a východná Ázia 
610 2 0 |a Česko 
100 1 |a Tseng, Shoiw-Mei